[Event "Ruhrgebiet Verbandsklasse Gruppe 1 1819"]
[Site "Nordrheinwestfalen"]
[Date "2019.01.20"]
[Round "5.4"]
[White "Brandhorst, Dieter"]
[Black "Schreiner, Paulo"]
[Result "1-0"]
[WhiteElo "1893"]
[BlackElo "1651"]
[PlyCount "175"]
[EventDate "2018.09.23"]
[EventType "team-tourn"]
[EventRounds "9"]
[EventCountry "GER"]
[SourceTitle "EXT 2022"]
[Source "ChessBase"]
[SourceDate "2021.10.06"]
[SourceVersion "1"]
[SourceVersionDate "2021.10.06"]
[SourceQuality "1"]
[WhiteTeam "Bergeborbeck Wacker"]
[BlackTeam "Horst Emscher II"]
[WhiteTeamCountry "GER"]
[BlackTeamCountry "GER"]

1. e4 e6 2. d4 d5 3. Nd2 dxe4 4. Nxe4 Bd7 5. Nf3 Bc6 6. Bd3 Nd7 7. c3 Ngf6 8. Bg5 Be7 9. Qc2 Nxe4 10. Bxe7 Qxe7 11. Bxe4 Bxe4 12. Qxe4 c6 13. 0-0 0-0 14. Rfe1 Nf6 15. Qe5 Rfd8 16. Rad1 Rd5 17. Qe2 Rdd8 18. h3 c5 19. Qb5 cxd4 20. Rxd4 Rxd4 21. Nxd4 Rd8 22. Qa5 a6 23. Qg5 h6 24. Qh4 Nd5 25. Qg3 Qd6 26. Qh4 Qe7 27. Qe4 Rd7 28. f4 Nf6 29. Qe2 Qd6 30. Qe5 Qb6 31. Re2 Rd5 32. Qe3 Rd7 33. Kh1 Qd6 34. f5 Nh5 35. fxe6 fxe6 36. Qxe6+ Qxe6 37. Rxe6 Nf4 38. Re3 Nd5 39. Re4 Nf6 40. Re5 Kf7 41. Kg1 Nd5 42. g3 Kf6 43. Re6+ Kf7 44. Re5 Kf6 45. Rf5+ Kg6 46. g4 Ne3 47. Rf2 Nd1 48. Rd2 Ne3 49. Re2 Nd5 50. Re4 Nf6 51. Re5 Nd5 52. Kg2 Kf6 53. Rf5+ Ke7 54. Kf3 Kd6 55. c4 Nf6 56. g5 hxg5 57. Rxg5 Ne8 58. Rd5+ Ke7 59. Nf5+ Ke6 60. Rxd7 Kxd7 61. h4 g6 62. Nd4 Nd6 63. b3 Ke7 64. Kf4 Kf6 65. c5 Nf7 66. b4 g5+ 67. hxg5+ Nxg5 68. c6 bxc6 69. Nxc6 Ne6+ 70. Ke4 Nc7 71. Kd4 Ke6 72. Kc5 Kd7 73. Kb6 Nd5+ 74. Kb7 Nc3 75. a3 Nb5 76. Nb8+ Kd6 77. a4 Nc3 78. a5 Kd5 79. Nxa6 Kc4 80. Kc6 Nb5 81. Nc7 Kxb4 82. a6 Ka5 83. Kb7 Nd6+ 84. Ka7 Nc8+ 85. Kb8 Ne7 86. Kb7 Nf5 87. a7 Nd6+ 88. Kb8 1-0

[Event "Ruhrgebiet Verbandsklasse Gruppe 1 1819"]
[Site "Nordrheinwestfalen"]
[Date "2018.09.23"]
[Round "1.4"]
[White "Straenger, Petra"]
[Black "Brandhorst, Dieter"]
[Result "1/2-1/2"]
[WhiteElo "1814"]
[BlackElo "1893"]
[PlyCount "86"]
[EventDate "2018.09.23"]
[EventType "team-tourn"]
[EventRounds "9"]
[EventCountry "GER"]
[SourceTitle "EXT 2022"]
[Source "ChessBase"]
[SourceDate "2021.10.06"]
[SourceVersion "1"]
[SourceVersionDate "2021.10.06"]
[SourceQuality "1"]
[WhiteTeam "Muelheim SC"]
[BlackTeam "Bergeborbeck Wacker"]
[WhiteTeamCountry "GER"]
[BlackTeamCountry "GER"]

1. d4 c5 2. dxc5 Qa5+ 3. Bd2 Qxc5 4. Nf3 Nf6 5. e3 Nc6 6. Be2 d5 7. 0-0 e5 8. Bc3 Bd6 9. a3 a5 10. b4 Qb6 11. b5 Ne7 12. Nxe5 0-0 13. Bd4 Qc7 14. b6 Qb8 15. f4 Nc6 16. Nxc6 bxc6 17. Bxf6 gxf6 18. Qd4 Be7 19. Rf3 Qd6 20. Rg3+ Kh8 21. Bd3 c5 22. b7 Bxb7 23. Qc3 Rg8 24. Qe1 Rxg3 25. Qxg3 Rg8 26. Qh3 Rg7 27. Nd2 c4 28. Bf5 c3 29. Nf3 d4 30. Rd1 Qxa3 31. exd4 Qd6 32. Bc8 Bd5 33. Re1 Bxf3 34. Qxf3 Qxd4+ 35. Kh1 Qd2 36. Qe2 Bc5 37. Bf5 Rg8 38. Bd3 Qxf4 39. Qh5 f5 40. Bxf5 Kg7 41. Bd3 Bf2 42. Rf1 Re8 43. Qxa5 Qd2 1/2-1/2

[Event "Ruhrgebiet Verbandsklasse Gruppe 1 1718"]
[Site "Germany"]
[Date "2018.03.18"]
[Round "8.5"]
[White "Brieger, Sebastian"]
[Black "Brandhorst, Dieter"]
[Result "1-0"]
[WhiteElo "1671"]
[BlackElo "1898"]
[PlyCount "59"]
[EventDate "2017.09.17"]
[EventType "team-tourn"]
[EventRounds "9"]
[EventCountry "GER"]
[SourceTitle "EXT 2022"]
[Source "ChessBase"]
[SourceDate "2021.10.06"]
[SourceVersion "1"]
[SourceVersionDate "2021.10.06"]
[SourceQuality "1"]
[WhiteTeam "Hamm SV II"]
[BlackTeam "Bergeborbeck Wacker"]
[WhiteTeamCountry "GER"]
[BlackTeamCountry "GER"]

1. e4 d5 2. exd5 Nf6 3. d4 Bg4 4. Be2 Bxe2 5. Nxe2 Qxd5 6. 0-0 Nc6 7. b3 0-0-0 8. Bb2 e6 9. Nd2 Bd6 10. Nf3 h5 11. c4 Qf5 12. Qb1 Ne4 13. Ng3 Nxg3 14. hxg3 Qg4 15. Nh2 Qg5 16. Nf3 Qh6 17. Bc1 Qg6 18. Qxg6 fxg6 19. Re1 Rde8 20. Bb2 Nb4 21. c5 Bf8 22. Re2 Nd5 23. a3 h4 24. Nxh4 g5 25. Ng6 Rh6 26. Ne5 Be7 27. Nf7 Rg6 28. Rae1 Bf8 29. Re5 g4 30. Rxd5 1-0

[Event "Ruhrgebiet Verbandsklasse Gruppe 1 1718"]
[Site "Germany"]
[Date "2018.01.14"]
[Round "5.5"]
[White "Andersen, Knut"]
[Black "Brandhorst, Dieter"]
[Result "1/2-1/2"]
[WhiteElo "1967"]
[BlackElo "1907"]
[PlyCount "75"]
[EventDate "2017.09.17"]
[EventType "team-tourn"]
[EventRounds "9"]
[EventCountry "GER"]
[SourceTitle "EXT 2022"]
[Source "ChessBase"]
[SourceDate "2021.10.06"]
[SourceVersion "1"]
[SourceVersionDate "2021.10.06"]
[SourceQuality "1"]
[WhiteTeam "Buer SF"]
[BlackTeam "Bergeborbeck Wacker"]
[WhiteTeamCountry "GER"]
[BlackTeamCountry "GER"]

1. d4 Nf6 2. g3 d5 3. Bg2 Bf5 4. c4 e6 5. Qb3 Nc6 6. cxd5 exd5 7. Nf3 Bb4+ 8. Nc3 0-0 9. 0-0 Re8 10. Bg5 Bxc3 11. bxc3 Na5 12. Qb4 c6 13. Rfe1 Qb6 14. Bxf6 gxf6 15. Nd2 Rad8 16. e4 dxe4 17. Qxb6 axb6 18. Nxe4 Kg7 19. Nd2 Be6 20. Reb1 b5 21. a4 Nc4 22. Nxc4 Bxc4 23. axb5 Bxb5 24. Ra7 Re2 25. Bf1 Rc2 26. Bxb5 cxb5 27. Rxb5 Rxc3 28. Rbxb7 Rf8 29. Kg2 Rd3 30. Rd7 Kg6 31. Kf1 Rd2 32. Ke1 Rb2 33. h3 Rc8 34. Rac7 Ra8 35. Ra7 Rc8 36. Rdc7 Re8+ 37. Re7 Rc8 38. Rac7 1/2-1/2

[Event "Ruhrgebiet Verbandsklasse Gruppe 3 1516"]
[Site "Germany"]
[Date "2016.02.21"]
[Round "7.6"]
[White "Pahne, Dirk"]
[Black "Brandhorst, Dieter"]
[Result "1/2-1/2"]
[WhiteElo "1887"]
[BlackElo "1842"]
[PlyCount "39"]
[EventDate "2015.09.06"]
[EventType "team-tourn"]
[EventRounds "9"]
[EventCountry "GER"]
[SourceTitle "EXT 2022"]
[Source "ChessBase"]
[SourceDate "2021.10.06"]
[SourceVersion "1"]
[SourceVersionDate "2021.10.06"]
[SourceQuality "1"]
[WhiteTeam "Eving SV Rochade"]
[BlackTeam "Bergeborbeck Wacker"]
[WhiteTeamCountry "GER"]
[BlackTeamCountry "GER"]

1. e4 d5 2. exd5 Nf6 3. Nf3 Bg4 4. Be2 Qxd5 5. Nc3 Qa5 6. h3 Bh5 7. d4 c6 8. Ne5 Bxe2 9. Qxe2 Nbd7 10. 0-0 e6 11. Nxd7 Nxd7 12. Ne4 Be7 13. Bf4 0-0 14. c3 Qf5 15. Bd6 Rfe8 16. Rfe1 Nf6 17. Bxe7 Rxe7 18. Nxf6+ Qxf6 19. Qe5 Qxe5 20. Rxe5 1/2-1/2

[Event "Ruhrgebiet Verbandsklasse Gruppe 3 1516"]
[Site "Germany"]
[Date "2015.11.08"]
[Round "3.6"]
[White "Brandhorst, Dieter"]
[Black "Stahlhofen, Thomas"]
[Result "1-0"]
[WhiteElo "1842"]
[BlackElo "1836"]
[PlyCount "53"]
[EventDate "2015.09.06"]
[EventType "team-tourn"]
[EventRounds "9"]
[EventCountry "GER"]
[SourceTitle "EXT 2022"]
[Source "ChessBase"]
[SourceDate "2021.10.06"]
[SourceVersion "1"]
[SourceVersionDate "2021.10.06"]
[SourceQuality "1"]
[WhiteTeam "Bergeborbeck Wacker"]
[BlackTeam "Recklinghausen Sued"]
[WhiteTeamCountry "GER"]
[BlackTeamCountry "GER"]

1. e4 e6 2. d4 d5 3. e5 c5 4. c3 Nc6 5. Nf3 Qb6 6. Bd3 Bd7 7. 0-0 cxd4 8. cxd4 Nxd4 9. Nbd2 Nc6 10. Re1 Nge7 11. Nb3 Ng6 12. h4 Qc7 13. Qe2 Bb4 14. Bd2 Bxd2 15. Qxd2 Ngxe5 16. Nxe5 Nxe5 17. Qf4 f6 18. Rac1 Qd6 19. Qg3 0-0 20. h5 Nf7 21. Qxd6 Nxd6 22. Nc5 Bb5 23. Bxb5 Nxb5 24. Nxe6 Rac8 25. Nxf8 Rxc1 26. Rxc1 Kxf8 27. Rc5 1-0

[Event "NRW Verbandsklasse Group3 1314"]
[Site "Nordrheinwestfalen"]
[Date "2014.04.06"]
[Round "9"]
[White "Brandhorst, Dieter"]
[Black "Labuda, Markus"]
[Result "1-0"]
[WhiteElo "1784"]
[BlackElo "1946"]
[PlyCount "67"]
[EventDate "2013.09.08"]
[EventType "team-tourn"]
[EventRounds "9"]
[EventCountry "GER"]
[SourceTitle "EXT 2020"]
[Source "ChessBase"]
[SourceDate "2019.10.17"]
[SourceVersion "1"]
[SourceVersionDate "2019.10.17"]
[SourceQuality "1"]
[WhiteTeam "Wacker Bergeborbeck"]
[BlackTeam "Oberhausen SV II"]
[WhiteTeamCountry "GER"]
[BlackTeamCountry "GER"]

1. Nf3 d5 2. d4 Nf6 3. c4 c6 4. Nc3 a6 5. e3 b5 6. cxd5 cxd5 7. Bd3 e6 8. a3 Bb7 9. Bd2 Bd6 10. 0-0 Nbd7 11. Re1 Ne4 12. Rc1 0-0 13. Qc2 Rc8 14. Qb1 f5 15. Ne2 g5 16. Bb4 Bxb4 17. axb4 Qe7 18. Rxc8 Rxc8 19. Rc1 g4 20. Rxc8+ Bxc8 21. Bxe4 dxe4 22. Qc1 exf3 23. Qxc8+ Nf8 24. gxf3 gxf3 25. Nf4 Qxb4 26. Qc1 a5 27. Nd3 Qe7 28. Ne1 Qg5+ 29. Kf1 Qh5 30. Qc6 Qxh2 31. Nxf3 Qh1+ 32. Ke2 b4 33. Qc7 Qb1 34. Ng5 1-0

[Event "NRW Verbandsklasse Group3 1314"]
[Site "Nordrheinwestfalen"]
[Date "2013.12.15"]
[Round "5.7"]
[White "Heiming, Thomas"]
[Black "Brandhorst, Dieter"]
[Result "1-0"]
[WhiteElo "1836"]
[BlackElo "1784"]
[PlyCount "105"]
[EventDate "2013.09.08"]
[EventType "team-tourn"]
[EventRounds "9"]
[EventCountry "GER"]
[SourceTitle "EXT 2020"]
[Source "ChessBase"]
[SourceDate "2019.10.17"]
[SourceVersion "1"]
[SourceVersionDate "2019.10.17"]
[SourceQuality "1"]
[WhiteTeam "Hervest Dorsten"]
[BlackTeam "Wacker Bergeborbeck"]
[WhiteTeamCountry "GER"]
[BlackTeamCountry "GER"]

1. e4 d5 2. exd5 Nf6 3. Nf3 Bg4 4. Be2 Nxd5 5. d4 Nc6 6. c4 Nf6 7. d5 Bxf3 8. Bxf3 Ne5 9. Be2 e6 10. Nc3 exd5 11. cxd5 Bd6 12. Bg5 h6 13. Bh4 0-0 14. 0-0 Ng6 15. Bg3 Bxg3 16. hxg3 Qd6 17. Qb3 Qb6 18. Qxb6 axb6 19. Rfd1 Rfd8 20. Rac1 Ra5 21. b4 Ra3 22. Bc4 Ne5 23. Bb3 Raa8 24. Nb5 c6 25. f4 Neg4 26. dxc6 Rxd1+ 27. Rxd1 bxc6 28. Nd6 Nd5 29. Nxf7 Nge3 30. Re1 Kxf7 31. Rxe3 Kf6 32. Re4 Kf5 33. Re5+ Kf6 34. b5 Nc7 35. bxc6 Rd8 36. Re1 Rd3 37. g4 Rc3 38. Rd1 Rxc6 39. Rd7 Ne6 40. g3 Rc1+ 41. Kh2 Rc6 42. Bd5 Rc2+ 43. Kh3 Re2 44. Rd6 Ke7 45. Rxe6+ Rxe6 46. Bxe6 Kxe6 47. Kh4 Kf6 48. Kh5 b5 49. a3 Kf7 50. g5 hxg5 51. Kxg5 g6 52. f5 gxf5 53. Kxf5 1-0

[Event "Ruhrgebiet VK3 1213"]
[Site "Nordrheinwestfalen"]
[Date "2013.02.24"]
[Round "7"]
[White "Kampmann, Marcel"]
[Black "Brandhorst, Dieter"]
[Result "0-1"]
[WhiteElo "1719"]
[BlackElo "1856"]
[PlyCount "74"]
[EventDate "2012.09.02"]
[EventType "team-tourn"]
[EventRounds "9"]
[EventCountry "GER"]
[SourceTitle "EXT 2020"]
[Source "ChessBase"]
[SourceDate "2019.10.17"]
[SourceVersion "1"]
[SourceVersionDate "2019.10.17"]
[SourceQuality "1"]
[WhiteTeam "Guennigfeld SV"]
[BlackTeam "Wacker Bergeborbeck"]
[WhiteTeamCountry "GER"]
[BlackTeamCountry "GER"]

1. Nf3 d5 2. g3 c5 3. b3 Nf6 4. c4 d4 5. d3 Nc6 6. e3 e5 7. Bg2 Be7 8. 0-0 0-0 9. exd4 exd4 10. Re1 h6 11. a3 a5 12. Bb2 Bf5 13. Qc2 Qc7 14. Nbd2 Rfe8 15. Re2 Bd6 16. Rae1 Qd7 17. Ne4 Nxe4 18. dxe4 Bh7 19. Qd2 Qc7 20. a4 Rad8 21. Nh4 Ne5 22. h3 Nc6 23. f4 d3 24. Re3 Nb4 25. Nf5 Bf8 26. Kh2 Nc2 27. Rd1 Bxf5 28. Rxd3 Rxd3 29. Qxd3 Nb4 30. Qb1 Bd7 31. Bc3 Bc6 32. Bxb4 cxb4 33. Qc2 Rd8 34. Re1 Rd4 35. Rd1 Qd7 36. Re1 Rd2 37. Qb1 Qd4 0-1

[Event "Ruhrgebiet VK3 1213"]
[Site "Nordrheinwestfalen"]
[Date "2012.12.02"]
[Round "4.6"]
[White "Rother, Josef"]
[Black "Brandhorst, Dieter"]
[Result "1-0"]
[WhiteElo "1877"]
[BlackElo "1856"]
[PlyCount "79"]
[EventDate "2012.09.02"]
[EventType "team-tourn"]
[EventRounds "9"]
[EventCountry "GER"]
[SourceTitle "EXT 2020"]
[Source "ChessBase"]
[SourceDate "2019.10.17"]
[SourceVersion "1"]
[SourceVersionDate "2019.10.17"]
[SourceQuality "1"]
[WhiteTeam "Essen Ueberruhr"]
[BlackTeam "Wacker Bergeborbeck"]
[WhiteTeamCountry "GER"]
[BlackTeamCountry "GER"]

1. d4 Nf6 2. Bg5 g6 3. Bxf6 exf6 4. e4 Bg7 5. c3 0-0 6. Bc4 d6 7. Qb3 Qe7 8. Nd2 f5 9. f3 Nc6 10. Bd3 Qg5 11. Bf1 Qe3+ 12. Ne2 fxe4 13. Nc4 Qg5 14. fxe4 b5 15. Nd2 Bd7 16. 0-0-0 a5 17. Kc2 Qe3 18. Ng3 Bxd4 19. Bxb5 Bg7 20. Nc4 Qa7 21. Qa4 Bg4 22. Bxc6 Bxd1+ 23. Rxd1 Rab8 24. Qxa5 Qf2+ 25. Rd2 Qf4 26. Qxc7 Rfd8 27. Bd5 Rbc8 28. Qa7 Bh6 29. Rf2 Qc1+ 30. Kb3 Qd1+ 31. Ka3 Qg1 32. Rxf7 Qxa7+ 33. Rxa7+ Kh8 34. Ne2 Rf8 35. Nxd6 Rb8 36. Nf7+ Kg7 37. Ng5+ Kf6 38. Nxh7+ Ke5 39. Nxf8 Bxf8+ 40. b4 1-0

[Event "Ruhrgebiet VK3 1112"]
[Site "Nordrheinwestfalen"]
[Date "2012.03.04"]
[Round "7"]
[White "Brandhorst, Dieter"]
[Black "Bense, Dirk"]
[Result "1-0"]
[WhiteElo "1778"]
[BlackElo "1949"]
[PlyCount "37"]
[EventDate "2012.09.18"]
[EventType "team-tourn"]
[EventRounds "9"]
[EventCountry "GER"]
[SourceTitle "EXT 2020"]
[Source "ChessBase"]
[SourceDate "2019.10.17"]
[SourceVersion "1"]
[SourceVersionDate "2019.10.17"]
[SourceQuality "1"]
[WhiteTeam "Wacker Bergeborbeck"]
[BlackTeam "Brackel SF II"]
[WhiteTeamCountry "GER"]
[BlackTeamCountry "GER"]

1. e4 c5 2. c3 Nf6 3. e5 Nd5 4. Nf3 e6 5. Na3 d6 6. Bb5+ Bd7 7. d4 cxd4 8. Bxd7+ Nxd7 9. c4 N5b6 10. Bg5 Qb8 11. exd6 f6 12. Bh4 Qxd6 13. 0-0 e5 14. Re1 Kf7 15. Rc1 g5 16. Nb5 Qc6 17. Nfxd4 exd4 18. Nxd4 Qa4 19. Qh5+ 1-0

[Event "Ruhrgebiet VK3 0708"]
[Site "Germany"]
[Date "2007.12.09"]
[Round "4.7"]
[White "Brandhorst, Dieter"]
[Black "Rudlof, Juergen"]
[Result "0-1"]
[WhiteElo "1850"]
[BlackElo "1790"]
[PlyCount "82"]
[EventDate "2007.09.16"]
[EventType "team"]
[EventRounds "9"]
[EventCountry "GER"]
[SourceTitle "EXT 2009"]
[Source "ChessBase"]
[SourceDate "2008.11.26"]
[SourceVersion "1"]
[SourceVersionDate "2008.11.26"]
[SourceQuality "1"]
[WhiteTeam "Bergeborbeck Wacker"]
[BlackTeam "Boenen SV"]
[WhiteTeamCountry "GER"]
[BlackTeamCountry "GER"]

1. d4 Nf6 2. Nf3 g6 3. Bf4 Bg7 4. e3 d6 5. h3 Nbd7 6. Be2 0-0 7. 0-0 Nh5 8. Bh2 f5 9. Bc4+ Kh8 10. Ng5 Nb6 11. Nf7+ Rxf7 12. Bxf7 e6 13. g4 fxg4 14. hxg4 Nf6 15. Nc3 Qe7 16. Qf3 Bd7 17. Bxg6 hxg6 18. Qe2 e5 19. dxe5 Nxg4 20. exd6 cxd6 21. Bg3 Be5 22. e4 Rf8 23. Rad1 Qg5 24. Qd2 Bf4 25. Qd3 Nxf2 26. Rxf2 Be3 27. Qxd6 Rxf2 28. Qe5+ Qxe5 29. Bxe5+ Kg8 30. Kh1 Rxc2 31. Nd5 Nxd5 32. exd5 Rc1 33. Rxc1 Bxc1 34. Kg2 Kf7 35. Kf3 Bg5 36. b3 Bf5 37. Bd4 a6 38. b4 b5 39. Bb2 Ke7 40. Be5 Bb1 41. Kg4 Bc1 0-1

[Event "Dortmund Sparkassen op-A"]
[Site "Dortmund"]
[Date "2006.08.02"]
[Round "5"]
[White "Brandhorst, Dieter"]
[Black "Heyden, Jonas"]
[Result "0-1"]
[WhiteElo "2092"]
[BlackElo "1943"]
[PlyCount "82"]
[EventDate "2006.07.28"]
[EventType "swiss"]
[EventRounds "9"]
[EventCountry "GER"]
[SourceTitle "CBM 113 Extra"]
[Source "ChessBase"]
[SourceDate "2006.09.14"]
[SourceVersion "1"]
[SourceVersionDate "2006.09.14"]
[SourceQuality "1"]

1. d4 d5 2. Nf3 Nf6 3. Bf4 Bf5 4. e3 e6 5. Bd3 Bg4 6. h3 Bh5 7. Nbd2 c5 8. c3 Nc6 9. 0-0 Bd6 10. Bg5 h6 11. Bxf6 Qxf6 12. e4 cxd4 13. exd5 exd5 14. cxd4 0-0 15. Be2 Rfe8 16. Re1 Re7 17. Qb3 Rae8 18. Kf1 Bb4 19. g4 Bg6 20. Bb5 Bxd2 21. Nxd2 Rxe1+ 22. Rxe1 Rxe1+ 23. Kxe1 Qe6+ 24. Qe3 Nxd4 25. Qxe6 fxe6 26. Bd7 Kf7 27. f4 Bd3 28. Kf2 Ke7 29. Ba4 b5 30. Bd1 Bc2 31. Be2 Kd6 32. b4 e5 33. fxe5+ Kxe5 34. Nf3+ Nxf3 35. Kxf3 a6 36. Ke3 g5 37. Bf1 Bb1 38. a3 Be4 39. Kd2 Kd4 40. a4 bxa4 41. Bxa6 a3 0-1

[Event "Dortmund Sparkassen op-A"]
[Site "Dortmund"]
[Date "2006.08.01"]
[Round "4"]
[White "Tkachuk, Konstantyn"]
[Black "Brandhorst, Dieter"]
[Result "1/2-1/2"]
[WhiteElo "2030"]
[BlackElo "2092"]
[PlyCount "49"]
[EventDate "2006.07.28"]
[EventType "swiss"]
[EventRounds "9"]
[EventCountry "GER"]
[SourceTitle "CBM 113 Extra"]
[Source "ChessBase"]
[SourceDate "2006.09.14"]
[SourceVersion "1"]
[SourceVersionDate "2006.09.14"]
[SourceQuality "1"]

1. e4 c6 2. d4 d5 3. e5 Bf5 4. g4 Bg6 5. h4 h5 6. e6 Qd6 7. exf7+ Bxf7 8. g5 e6 9. f4 Ne7 10. Nf3 Nd7 11. Bd3 Bg6 12. Bxg6+ Nxg6 13. Ne5 Ndxe5 14. fxe5 Qc7 15. Qd3 Ne7 16. Be3 g6 17. Nd2 Nf5 18. Bf2 0-0-0 19. c3 Kb8 20. b4 Rh7 21. 0-0 Rf7 22. Nb3 Be7 23. c4 Rdf8 24. Kg2 Qd8 25. Qd2 1/2-1/2

[Event "Dortmund op-A"]
[Site "Dortmund"]
[Date "2005.07.11"]
[Round "4"]
[White "Brandhorst, Dieter"]
[Black "Krutwig, Longlong"]
[Result "0-1"]
[WhiteElo "2097"]
[BlackElo "2006"]
[PlyCount "84"]
[EventDate "2005.07.08"]
[EventType "swiss"]
[EventRounds "9"]
[EventCountry "GER"]
[SourceTitle "CBM 107 Extra"]
[Source "ChessBase"]
[SourceDate "2005.09.01"]
[SourceVersion "1"]
[SourceVersionDate "2005.09.01"]
[SourceQuality "1"]

1. Nf3 g6 2. c4 Bg7 3. Nc3 d6 4. g3 c6 5. d4 Nf6 6. Bg2 0-0 7. 0-0 Qa5 8. e4 Qh5 9. h4 Na6 10. a3 Bg4 11. Qd3 e5 12. b4 Rac8 13. Rb1 exd4 14. Ne2 c5 15. Nf4 Qh6 16. Ne6 Qh5 17. Nxf8 Rxf8 18. b5 Nb8 19. Nh2 Be2 20. Qd2 Bxf1 21. Kxf1 Qe5 22. Qd3 Nbd7 23. f4 Qe6 24. Bd2 Nb6 25. Rc1 Re8 26. e5 dxe5 27. fxe5 Nfd7 28. Nf3 Nxe5 29. Nxe5 Bxe5 30. Bxb7 Bxg3 31. Qxg3 Qe2+ 32. Kg1 Qxd2 33. Rf1 Qe3+ 34. Qxe3 Rxe3 35. Bd5 Nxd5 36. cxd5 Re5 37. d6 Rd5 38. Rc1 d3 39. Kf2 d2 40. Rd1 c4 41. Ke2 c3 42. a4 Rxd6 0-1

[Event "Ruhrgebiet VK3 0405"]
[Site "Ruhrgebiet"]
[Date "2004.09.12"]
[Round "1.8"]
[White "Brandhorst, Dieter"]
[Black "Dawid, Adalbert"]
[Result "1-0"]
[WhiteElo "1876"]
[BlackElo "1737"]
[PlyCount "34"]
[EventDate "2004.09.12"]
[EventType "team"]
[EventRounds "9"]
[EventCountry "GER"]
[SourceTitle "EXT 2006"]
[Source "ChessBase"]
[SourceDate "2005.11.24"]
[SourceVersion "1"]
[SourceVersionDate "2005.11.24"]
[SourceQuality "1"]
[WhiteTeam "Wacker Bergeborbeck"]
[BlackTeam "Dortmund Hansa III"]
[WhiteTeamCountry "GER"]
[BlackTeamCountry "GER"]

1. b3 Nf6 2. Bb2 e6 3. Nf3 Be7 4. d3 d5 5. Nbd2 b6 6. e3 Bb7 7. Be2 c5 8. c4 Nc6 9. 0-0 d4 10. exd4 cxd4 11. Re1 h6 12. a3 a5 13. Bf1 0-0 14. Rc1 Qd6 15. Ne4 Nxe4 16. Rxe4 f5 17. Re1 Bf6 1-0

[Event "Ruhrgebiet VL2 0304"]
[Site "Ruhrgebiet"]
[Date "2004.02.08"]
[Round "6.7"]
[White "Brandhorst, Dieter"]
[Black "Kruse, Peter"]
[Result "1/2-1/2"]
[WhiteElo "1820"]
[BlackElo "2063"]
[PlyCount "120"]
[EventDate "2003.09.28"]
[EventType "team"]
[EventRounds "9"]
[EventCountry "GER"]
[SourceTitle "EXT 2007"]
[Source "ChessBase"]
[SourceDate "2006.11.23"]
[SourceVersion "1"]
[SourceVersionDate "2006.11.23"]
[SourceQuality "1"]
[WhiteTeam "Wacker Bergeborbeck"]
[BlackTeam "Gladbeck SG"]
[WhiteTeamCountry "GER"]
[BlackTeamCountry "GER"]

1. d4 Nf6 2. Nf3 b6 3. Bf4 Bb7 4. Nbd2 e6 5. e3 c5 6. c3 Be7 7. Bd3 0-0 8. Qe2 d5 9. Rc1 Nbd7 10. 0-0 Re8 11. e4 dxe4 12. Nxe4 Nxe4 13. Bxe4 Bxe4 14. Qxe4 Nf6 15. Qb1 c4 16. Rfe1 Nd5 17. Bg3 Rc8 18. a4 a6 19. Qe4 b5 20. axb5 axb5 21. Ne5 b4 22. Qf3 Rf8 23. Qe2 Bg5 24. f4 Nxf4 25. Bxf4 Bxf4 26. Ra1 Bxe5 27. Qxe5 Qb6 28. Ra5 bxc3 29. Rb5 Qa7 30. bxc3 Qa3 31. Qg3 Rfd8 32. Reb1 g6 33. Qf3 Rd7 34. R5b4 Rd5 35. Qe3 Kg7 36. Qe1 Qa5 37. Rb7 Rf5 38. Qxe6 Rc7 39. Rxc7 Qxc7 40. Qe2 Ra5 41. Rf1 Ra3 42. Qf3 Qe7 43. d5 Ra5 44. Kh1 f6 45. h3 Qe5 46. Rd1 Ra7 47. d6 Rd7 48. Qc6 Qe6 49. Qc8 h5 50. Qc6 g5 51. Qc5 h4 52. Qd4 Kg6 53. Kg1 Kf7 54. Kf2 Qf5+ 55. Kg1 Qe6 56. Qc5 Kg6 57. Qd4 Kf7 58. Qd2 Kg7 59. Kh1 Kg6 60. Qc2+ Kg7 1/2-1/2

[Event "Ruhrgebiet VL2 0304"]
[Site "Ruhrgebiet"]
[Date "2003.12.07"]
[Round "4.7"]
[White "Brandhorst, Dieter"]
[Black "Happel, Juergen"]
[Result "1/2-1/2"]
[WhiteElo "1820"]
[BlackElo "1858"]
[PlyCount "141"]
[EventDate "2003.09.28"]
[EventType "team"]
[EventRounds "9"]
[EventCountry "GER"]
[SourceTitle "EXT 2007"]
[Source "ChessBase"]
[SourceDate "2006.11.23"]
[SourceVersion "1"]
[SourceVersionDate "2006.11.23"]
[SourceQuality "1"]
[WhiteTeam "Wacker Bergeborbeck"]
[BlackTeam "Hamm 45/58"]
[WhiteTeamCountry "GER"]
[BlackTeamCountry "GER"]

1. d4 d6 2. c4 g6 3. Nc3 Bg7 4. e4 Nf6 5. Nf3 0-0 6. Be2 c6 7. 0-0 Qc7 8. h3 e5 9. d5 c5 10. a3 a6 11. b4 b6 12. Rb1 Nbd7 13. Be3 Re8 14. Qd2 Nf8 15. bxc5 bxc5 16. Rb3 Bd7 17. Rfb1 Reb8 18. Qb2 Rxb3 19. Qxb3 Bc8 20. Bd3 N8d7 21. Bd2 Rb8 22. Qa2 Rxb1+ 23. Qxb1 Qb6 24. Qa2 Ne8 25. a4 Qb8 26. a5 Bf6 27. Bc2 Bd8 28. Ba4 Ndf6 29. Bc6 Bd7 30. Bxd7 Nxd7 31. Ne1 Nef6 32. Nd3 Qc7 33. f3 Qxa5 34. Na4 Qc7 35. Nc1 Qb7 36. Nb3 Ne8 37. Na5 Bxa5 38. Bxa5 Ng7 39. g3 f5 40. Qc2 fxe4 41. fxe4 Nf6 42. Bd8 Nge8 43. Ba5 Nh5 44. Kg2 Qe7 45. Qd2 Nef6 46. Qe3 Qb7 47. Nb6 Nd7 48. Qg5 Kf7 49. Qd8 Nhf6 50. Kf3 Nxb6 51. Bxb6 Qd7 52. Qxd7+ Nxd7 53. Bc7 Ke7 54. Ke3 Nf6 55. Kf3 Kd7 56. Ba5 Kc8 57. Ke3 Kb7 58. Bd8 Nd7 59. Ba5 Kc8 60. Kf3 Nf6 61. Ke3 h6 62. Kf3 Nh7 63. h4 Kd7 64. Bb6 g5 65. h5 g4+ 66. Kxg4 Nf6+ 67. Kf5 Nxh5 68. Kg4 Nf6+ 69. Kf5 Nh5 70. Kg4 Nf6+ 71. Kf5 1/2-1/2